De 17e eeuw - Statistieken

Algemene statistieken
  • Deze quiz is 22 keer genomen
  • De gemiddelde score is 11 van 20
Antwoordstatistieken
Jaar Beschrijving Antwoord % Correct
1688 De "Roemrijke Omwenteling" brengt deze Nederlandse koning in Engeland {Willem} van Oranje
100%
1637 Nederlandse speculanten gaan helemaal uit de bol voor dit soort bloem Tulp
94%
1687 Deze Engelse wetenschapper lanceert het bestaan van de zwaartekracht Isaac Newton
88%
Hele 16e Dit land domineert de kruidenhandel Nederland
88%
1666 Een brand in Pudding Straat verspreidt zich en vernield 70% van deze stad Londen
82%
1643 Deze "Zonnekoning" wordt gekroond Louis XIV
82%
1653 Dit witte bouwwerk uit marmer wordt afgewerkt in Agra, India Taj Mahal
82%
1662 Deze vogel die niet kan vliegen sterft uit op Mauritius Dodo
76%
1683 Dit rijk in het Midden-Oosten bereikt zijn grootste omvang Ottomaanse Rijk
65%
1618-1648 Deze oorlog vernielt grote delen van Duitsland {Dertigjarige} Oorlog
41%
1605 Miguel de Cervantes publiceert deze roman Don Quichot
41%
1633 Deze wetenschapper wordt gestraft voor de uitdraging van het heliocentrisme Galileo Galilei
41%
1620 Dit schip met Engelse kolonisten aan boord komt aan in Massachusetts Mayflower
41%
1603 De Edo-Periode begint in dit land Japan
35%
1653 Deze militaire leider wordt beschermheer van Engeland Oliver Cromwell
35%
1637 Deze filisoof schrijft "Ik denk, dus ik ben" René Descartes
35%
1644 Deze dynastie komt aan de macht in China Qing
24%
1611 Deze zeer populaire versie van de Bijbel wordt voltooid Versie van Koning {James}
18%
1605 Guy Fawkes en andere radicalen zweren samen om het Engelse Parlement op te blazen {Buskruit}verraad
12%
1670 Dit Canadees bedrijf dat pelzen verhandelt wordt gesticht, het oudste van Canada Hudson's Bay Company
6%
Geen overeenkomende quizzen gevonden
Scoreverdeling
Procent van Mensen met Elke Score
Percentiel versus Aantal Correcte Antwoorden
Uw Scoregeschiedenis
U heeft deze quiz nog niet genomen